Hidrólisis del aceite de coquito.

Uloženo v:
Podrobná bibliografie
Hlavní autor: Perera Heinrich, Isidro
Médium: Kniha
Vydáno: [San José , Costa Rica] 1986
Témata:
Tagy: Přidat tag
Žádné tagy, Buďte první, kdo vytvoří štítek k tomuto záznamu!

MARC

LEADER 00000nam a2200000Ia 4500
003 004279
005 20221231144352.0
008 140114s1986 cr a m 000 ||s d
040 |c cru CEDI 
090 |a TFG 1909 
100 |a Perera Heinrich, Isidro  |9 14032 
245 |a Hidrólisis del aceite de coquito. 
260 |c 1986  |a  [San José , Costa Rica] 
300 |a  xiv, [91] hojas : ilustraciones ; 27 cm  
500 |a  Proyecto de graduación (licenciatura en ingeniería química)--Universidad de Costa Rica. Facultad de Ingeniería. Escuela de Ingeniería Química 
650 |x HIDROLISIS   |x ACEITE DE PALMISTE  |9 14033 
942 |c TFG  |2 ddc 
999 |c 20844  |d 20844